[Event "NATO-ch 33rd"]
[Site "Portoroz"]
[Date "2023.09.08"]
[Round "7"]
[White "Hadzicki, Tomasz"]
[Black "Van Run, Rieke"]
[Result "1-0"]
[WhiteElo "1941"]
[BlackElo "2064"]
[PlyCount "131"]
[EventDate "2023.09.04"]
[EventType "swiss"]
[EventRounds "7"]
[EventCountry "SLO"]
[SourceTitle "EXT 2024"]
[Source "ChessBase"]
[SourceDate "2023.10.10"]
[SourceVersion "1"]
[SourceVersionDate "2023.10.10"]
[SourceQuality "1"]

1. e4 e5 2. Nf3 Nc6 3. Bb5 a6 4. Ba4 Nf6 5. 0-0 d6 6. Re1 b5 7. Bb3 Bg4 8. c3 Be7 9. d3 0-0 10. Nbd2 Nd7 11. Nf1 Nc5 12. Bd5 Qd7 13. h3 Be6 14. d4 Na4 15. Bxc6 Qxc6 16. d5 Bxd5 17. Qxd5 Qxd5 18. exd5 Nc5 19. b3 f5 20. Ba3 Nd3 21. Red1 e4 22. Nd4 Bf6 23. Bc1 Bxd4 24. cxd4 Nb4 25. g3 Nxd5 26. Ne3 Nb4 27. a3 Nd3 28. Nd5 Rf7 29. Nb4 Nxb4 30. axb4 h6 31. h4 c6 32. Bf4 d5 33. Rdc1 Rf6 34. Rc2 Kf7 35. Rca2 Kg6 36. Be5 Re6 37. Rxa6 Rxa6 38. Rxa6 Kh5 39. Bxg7 e3 40. fxe3 Rxe3 41. Kf2 Rc3 42. Be5 Kg4 43. Ke2 h5 44. Kd2 Rxb3 45. Bd6 Kf3 46. Rxc6 Ke4 47. Kc2 Rf3 48. Be5 Rf2+ 49. Kb3 Rf3+ 50. Rc3 Rf2 51. Rc2 Rf3+ 52. Kb2 Rf1 53. Rc5 Rf2+ 54. Kc3 Rf3+ 55. Kd2 Rf2+ 56. Ke1 Rb2 57. Rxb5 Kd3 58. Rxd5 Rxb4 59. Bf6 Ke3 60. Re5+ Kf3 61. Rxf5+ Kxg3 62. Rxh5 Kf4 63. Rh8 Kf5 64. Be5 Rb3 65. h5 Kg5 66. h6 1-0

[Event "NATO-ch 33rd"]
[Site "Portoroz"]
[Date "2023.09.04"]
[Round "1"]
[White "Coulon, Dominic"]
[Black "Van Run, Rieke"]
[Result "0-1"]
[WhiteElo "1721"]
[BlackElo "2064"]
[PlyCount "46"]
[EventDate "2023.09.04"]
[EventType "swiss"]
[EventRounds "7"]
[EventCountry "SLO"]
[SourceTitle "EXT 2024"]
[Source "ChessBase"]
[SourceDate "2023.10.10"]
[SourceVersion "1"]
[SourceVersionDate "2023.10.10"]
[SourceQuality "1"]

1. d4 d5 2. Nc3 Nf6 3. Bf4 a6 4. e3 Bf5 5. f3 e6 6. g4 Bg6 7. h4 h5 8. g5 Nfd7 9. Bd3 Bxd3 10. Qxd3 c5 11. Nge2 Nc6 12. dxc5 Bxc5 13. a3 Nde5 14. Qd1 Nxf3+ 15. Kf2 Nfe5 16. Nd4 Ng4+ 17. Ke2 e5 18. Nxc6 bxc6 19. Bg3 Bxe3 20. Rf1 0-0 21. Rf5 g6 22. Qf1 gxf5 23. Qxf5 Qc8 0-1

[Event "NATO-ch 31st"]
[Site "Blankenberge"]
[Date "2021.10.12"]
[Round "3.21"]
[White "Kyrge, Kersti"]
[Black "Van Run, Rieke"]
[Result "0-1"]
[WhiteElo "1844"]
[BlackElo "2051"]
[PlyCount "44"]
[EventDate "2021.10.11"]
[EventType "team-swiss"]
[EventRounds "7"]
[EventCountry "BEL"]
[SourceTitle "CBM 204 Extra"]
[Source "ChessBase"]
[SourceDate "2021.11.30"]
[SourceVersion "1"]
[SourceVersionDate "2021.11.30"]
[SourceQuality "1"]
[WhiteTeam "Estonia"]
[BlackTeam "Netherlands"]
[WhiteTeamCountry "EST"]
[BlackTeamCountry "NED"]

1. e4 e5 2. Nf3 Nc6 3. Bc4 Bc5 4. c3 Nf6 5. d3 0-0 6. Nbd2 d5 7. exd5 Nxd5 8. Ne4 Bb6 9. 0-0 h6 10. Bxd5 Qxd5 11. Nh4 f5 12. Ng3 Be6 13. Bxh6 gxh6 14. Qh5 Rf6 15. Ngxf5 Kh7 16. Ne3 Qxd3 17. Rad1 Qe4 18. Rfe1 Qf4 19. Nf3 Rg8 20. Nd5 Bxd5 21. Rxd5 Qxf3 22. Rd7+ Kh8 0-1

[Event "NATO-ch 27th"]
[Site "Shrivenham"]
[Date "2016.08.22"]
[Round "1"]
[White "Van Run, Rieke"]
[Black "O'Byrne, Daniel"]
[Result "1-0"]
[WhiteElo "2102"]
[BlackElo "1788"]
[PlyCount "65"]
[EventDate "2016.08.22"]
[EventType "swiss"]
[EventRounds "7"]
[EventCountry "ENG"]
[SourceTitle "EXT 2018"]
[Source "ChessBase"]
[SourceDate "2017.10.13"]
[SourceVersion "1"]
[SourceVersionDate "2017.10.13"]
[SourceQuality "1"]

1. e4 c5 2. Nf3 d6 3. d4 cxd4 4. Nxd4 Nf6 5. Nc3 g6 6. Be2 Bg7 7. Be3 0-0 8. 0-0 Nc6 9. Qd2 Re8 10. f3 Bd7 11. Nb3 Rc8 12. Rfd1 Ne5 13. Bxa7 b6 14. Qe3 Rc5 15. Nxc5 dxc5 16. a4 Qc7 17. Nb5 Qb7 18. a5 c4 19. a6 Qa8 20. Bxb6 Bxb5 21. Qc5 Qc6 22. a7 Ned7 23. Qxc6 Bxc6 24. Be3 Ne5 25. Ra5 Ra8 26. b4 Nxe4 27. fxe4 Bxe4 28. b5 e6 29. b6 Bb7 30. Rc5 Bc6 31. Bd4 Bd5 32. Bxe5 Bxe5 33. Bf3 1-0

[Event "NATO-ch 24th"]
[Site "Rynia"]
[Date "2013.08.15"]
[Round "6"]
[White "Bielawski, Michal"]
[Black "Van Run, Rieke"]
[Result "1-0"]
[WhiteElo "2026"]
[BlackElo "2097"]
[PlyCount "89"]
[EventDate "2013.08.12"]
[EventType "swiss"]
[EventRounds "7"]
[EventCountry "POL"]
[SourceTitle "CBM 156 Extra"]
[Source "ChessBase"]
[SourceDate "2013.10.22"]
[SourceVersion "1"]
[SourceVersionDate "2013.10.22"]
[SourceQuality "1"]

1. d4 d5 2. c4 e6 3. Nc3 c6 4. Nf3 Nf6 5. Bg5 Be7 6. e3 0-0 7. Bd3 Nbd7 8. 0-0 Re8 9. Qc2 Nf8 10. e4 dxe4 11. Nxe4 Ng6 12. Rfe1 b6 13. Rad1 Bb7 14. Ne5 Rc8 15. Re3 Nxe4 16. Bxe7 Qxe7 17. Bxe4 c5 18. d5 exd5 19. Nxg6 hxg6 20. Bf5 Qg5 21. Bxc8 Rxc8 22. cxd5 Bxd5 23. Rg3 Qe5 24. a3 Bc6 25. Qd2 Qf6 26. Rd3 Qe6 27. Re1 Qg4 28. f3 Qf5 29. Rd8+ Rxd8 30. Qxd8+ Kh7 31. Qh4+ Kg8 32. Rd1 Be8 33. Qe7 Bb5 34. Rd8+ Kh7 35. Qh4+ Qh5 36. Qxh5+ gxh5 37. Ra8 a6 38. Rb8 Kg6 39. Rxb6+ f6 40. Kf2 Kf5 41. Ke3 g5 42. a4 Bf1 43. g3 Ke5 44. Rc6 h4 45. Rxc5+ 1-0

[Event "NATO-ch 24th"]
[Site "Rynia"]
[Date "2013.08.14"]
[Round "5"]
[White "Van Run, Rieke"]
[Black "Helbig, Mark"]
[Result "1/2-1/2"]
[WhiteElo "2097"]
[BlackElo "2282"]
[PlyCount "156"]
[EventDate "2013.08.12"]
[EventType "swiss"]
[EventRounds "7"]
[EventCountry "POL"]
[SourceTitle "CBM 156 Extra"]
[Source "ChessBase"]
[SourceDate "2013.10.22"]
[SourceVersion "1"]
[SourceVersionDate "2013.10.22"]
[SourceQuality "1"]

1. e4 c6 2. d4 d5 3. exd5 cxd5 4. Nf3 Nf6 5. c3 Bf5 6. Bd3 Bg6 7. Ne5 Nc6 8. Nxg6 hxg6 9. Bf4 e6 10. Nd2 Nh5 11. Be3 Bd6 12. Nf3 Nf4 13. Bf1 Qc7 14. Qa4 0-0 15. g3 Nh5 16. Bg2 Nf6 17. 0-0 Rab8 18. c4 dxc4 19. Qxc4 Rbc8 20. Ng5 Nb4 21. Qb5 Nbd5 22. Rac1 Qd7 23. Qxd7 Nxd7 24. Bxd5 exd5 25. Rxc8 Rxc8 26. Rc1 Rxc1+ 27. Bxc1 Kf8 28. Kf1 Ke7 29. Ke2 Nf8 30. Nh3 Ne6 31. Kd3 f6 32. Bd2 g5 33. f3 Kd7 34. Nf2 Kc6 35. Ng4 f5 36. Ne3 g6 37. Ng2 Be7 38. Ne3 Bf6 39. Nc2 Be7 40. Ne3 a6 41. Nc2 b6 42. Nb4+ Bxb4 43. Bxb4 Kd7 44. Ke3 g4 45. f4 Ng7 46. Bc3 Kc6 47. Kd3 Nh5 48. Bd2 Nf6 49. Bc1 Ne4 50. Be3 Kb5 51. Bg1 Kb4 52. Be3 a5 53. Bg1 Nd6 54. Be3 Nc4 55. Bc1 a4 56. Kc2 Nd6 57. Kd3 Ne4 58. Be3 b5 59. Bc1 Nf2+ 60. Ke2 Nh3 61. Kd3 Nf2+ 62. Ke2 Ne4 63. Kd3 Ka5 64. Be3 b4 65. a3 Kb5 66. Bg1 Nd6 67. Be3 bxa3 68. bxa3 Nc4 69. Bc1 Nd6 70. Be3 Ne4 71. Bg1 Kc6 72. Be3 Kd6 73. Kc2 Ke6 74. Kd3 Nd6 75. Kc3 Nc4 76. Bc1 Kd6 77. Kb4 Nb6 78. Ka5 Kc6 1/2-1/2

[Event "NATO-ch 21st"]
[Site "Koge"]
[Date "2010.10.22"]
[Round "7"]
[White "Christen, Pierre"]
[Black "Van Run, Rieke"]
[Result "1/2-1/2"]
[WhiteElo "2007"]
[BlackElo "2120"]
[PlyCount "27"]
[EventDate "2010.10.18"]
[EventType "swiss"]
[EventRounds "7"]
[EventCountry "DEN"]
[SourceTitle "EXT 2011"]
[Source "ChessBase"]
[SourceDate "2010.11.26"]
[SourceVersion "1"]
[SourceVersionDate "2010.11.26"]
[SourceQuality "1"]

1. Nf3 g6 2. c4 Bg7 3. Nc3 d6 4. b4 f5 5. Bb2 Nf6 6. Qb3 e6 7. g3 Nc6 8. Bg2 0-0 9. d3 Ng4 10. b5 Ne7 11. Nd1 c6 12. Bxg7 Kxg7 13. 0-0 c5 14. e3 1/2-1/2

[Event "NATO-ch 15th"]
[Site "The Hague"]
[Date "2004.08.09"]
[Round "2"]
[White "Csolto, Robert"]
[Black "Van Run, Rieke"]
[Result "1-0"]
[WhiteElo "2348"]
[BlackElo "2133"]
[PlyCount "115"]
[EventDate "2004.08.08"]
[EventType "swiss"]
[EventRounds "7"]
[EventCountry "NED"]
[SourceTitle "CBM 101 Extra"]
[Source "ChessBase"]
[SourceDate "2004.09.01"]
[SourceVersion "2"]
[SourceVersionDate "2004.09.01"]
[SourceQuality "1"]

1. e4 e5 2. Nf3 Nc6 3. Bb5 a6 4. Ba4 Nf6 5. 0-0 Be7 6. Re1 b5 7. Bb3 d6 8. a4 Bb7 9. c3 0-0 10. d3 h6 11. Nbd2 Nb8 12. Nf1 Nbd7 13. Ng3 Nc5 14. axb5 axb5 15. Rxa8 Qxa8 16. Bc2 Rb8 17. Nh4 Bf8 18. Nhf5 Kh7 19. f4 Rd8 20. Qe2 Ne6 21. fxe5 dxe5 22. Rf1 Ng8 23. Nh4 Be7 24. Ngf5 Bf6 25. Nf3 c5 26. Ng3 g6 27. Bb3 Bc8 28. Bd5 Qa7 29. Be3 Nf4 30. Bxf4 exf4 31. Nh1 Qe7 32. Re1 Bg4 33. Nf2 Bxf3 34. gxf3 Bh4 35. Bb3 c4 36. dxc4 bxc4 37. Bxc4 Qc5 38. Bd5 Nf6 39. c4 Rb8 40. Rf1 Qd4 41. Rb1 Rb3 42. Kg2 Bxf2 43. Qxf2 Re3 44. b4 Nd7 45. b5 Ne5 46. b6 Qd3 47. Rb2 Rxf3 48. Qe2 Qxe2+ 49. Rxe2 Rb3 50. Rc2 Rxb6 51. c5 Rb8 52. c6 Rc8 53. c7 Nd3 54. Bb7 Ne1+ 55. Kf2 Nxc2 56. Bxc8 Nb4 57. Bb7 Nd3+ 58. Kf1 1-0

[Event "NED-ch sf (Women)"]
[Site "Leeuwarden"]
[Date "2004.02.29"]
[Round "1.2"]
[White "Van Run, Rieke"]
[Black "Van Nies, Pauline"]
[Result "1/2-1/2"]
[WhiteElo "2087"]
[BlackElo "2031"]
[PlyCount "83"]
[EventDate "2004.02.28"]
[EventType "k.o."]
[EventRounds "3"]
[EventCountry "NED"]
[SourceTitle "CBM 098 Extra"]
[Source "ChessBase"]
[SourceDate "2004.03.10"]
[SourceVersion "2"]
[SourceVersionDate "2004.03.10"]
[SourceQuality "1"]

1. e4 c5 2. Nc3 Nc6 3. g3 g6 4. Bg2 Bg7 5. d3 d6 6. f4 e6 7. Nf3 Nge7 8. 0-0 0-0 9. Be3 Nd4 10. Qd2 Rb8 11. Nd1 b5 12. c3 Nxf3+ 13. Bxf3 b4 14. d4 bxc3 15. bxc3 Qb6 16. Nf2 Ba6 17. Rfd1 cxd4 18. cxd4 d5 19. e5 Nf5 20. Ng4 h5 21. Nf2 Qb2 22. Qxb2 Rxb2 23. Bc1 Rb7 24. Bg2 Rc8 25. Bh3 Bf8 26. g4 hxg4 27. Nxg4 Be7 28. Bf1 Bxf1 29. Kxf1 Rc4 30. Be3 Rbb4 31. Bf2 Kg7 32. Ne3 Nxe3+ 33. Bxe3 Rc2 34. Bf2 Rbb2 35. Bg3 Rxa2 36. Rxa2 Rxa2 37. Rc1 Rb2 38. Rc7 Bd8 39. Rc8 Be7 40. Rc7 Bd8 41. Rc8 Be7 42. Rc7 1/2-1/2

[Event "San Agustin op 08th"]
[Site "Aviles"]
[Date "2003.08.20"]
[Round "6.11"]
[White "Van Run, Rieke"]
[Black "Vioreanu, Bogdan Gabriel"]
[Result "0-1"]
[WhiteElo "2142"]
[BlackElo "2395"]
[PlyCount "158"]
[EventDate "2003.08.16"]
[EventType "swiss"]
[EventRounds "9"]
[EventCountry "ESP"]
[SourceTitle "EXT 2004"]
[Source "ChessBase"]
[SourceDate "2003.11.25"]
[SourceVersion "1"]
[SourceVersionDate "2003.11.25"]
[SourceQuality "1"]

1. e4 c5 2. Nc3 Nc6 3. g3 g6 4. Bg2 Bg7 5. d3 d6 6. Be3 Rb8 7. Qd2 b5 8. Nge2 Nd4 9. 0-0 e6 10. Nd1 Nxe2+ 11. Qxe2 Ne7 12. Qd2 h6 13. d4 Qc7 14. c3 Bb7 15. f3 Rd8 16. Nf2 h5 17. Rfd1 0-0 18. Bh6 e5 19. Bxg7 Kxg7 20. dxe5 dxe5 21. Qe2 c4 22. Qe3 Nc8 23. Bh3 Nb6 24. Rd2 Rxd2 25. Qxd2 Rd8 26. Qe2 Na4 27. Rd1 Rxd1+ 28. Nxd1 Qd6 29. Ne3 Nc5 30. Bf1 a5 31. Qd1 Qxd1 32. Nxd1 f5 33. exf5 Bxf3 34. Ne3 Na4 35. Kf2 Be4 36. fxg6 Nxb2 37. Ke1 Nd3+ 38. Kd2 Nf2 39. a4 bxa4 40. Nxc4 Bxg6 41. Nxe5 a3 42. Kc1 Nd1 43. Bc4 Nxc3 44. Nxg6 Kxg6 45. Kc2 a2 46. Kb2 Kg5 47. h3 Ne4 48. Bxa2 Nxg3 49. h4+ Kxh4 50. Bf7 Ne4 51. Kb3 Nd6 52. Bd5 Kg3 53. Ka4 h4 54. Be6 Nb7 55. Bc8 Nd6 56. Be6 Ne4 57. Kxa5 Nf2 58. Kb4 Ng4 59. Kc3 h3 60. Kd2 h2 61. Bd5 Kf2 62. Bc6 Ne3 63. Bh1 Ng2 64. Kd1 Kf1 65. Kd2 Nf4 66. Kd1 Kf2 67. Kd2 Kg1 68. Ke1 Nd3+ 69. Ke2 Nf2 70. Bf3 Nh3 71. Bh1 Nf4+ 72. Ke1 Nh5 73. Bf3 Ng3 74. Bc6 Nf5 75. Bh1 Ne3 76. Ke2 Ng2 77. Kf3 Kxh1 78. Kf2 Ne3 79. Kxe3 Kg2 0-1

[Event "Hengelo U20 op"]
[Site "Hengelo"]
[Date "2003.08.06"]
[Round "5"]
[White "Struik, Tjapko"]
[Black "Van Run, Rieke"]
[Result "1/2-1/2"]
[WhiteElo "2189"]
[BlackElo "2142"]
[PlyCount "45"]
[EventDate "2003.08.04"]
[EventType "swiss"]
[EventRounds "9"]
[EventCountry "NED"]
[SourceTitle "EXT 2005"]
[Source "ChessBase"]
[SourceDate "2004.11.15"]
[SourceVersion "1"]
[SourceVersionDate "2004.11.15"]
[SourceQuality "1"]

1. e4 e5 2. Bc4 Nc6 3. f4 d6 4. Nf3 Be7 5. d3 Nf6 6. Nc3 a6 7. 0-0 0-0 8. Kh1 Bg4 9. Qe1 exf4 10. Bxf4 Na5 11. Bb3 Nxb3 12. axb3 Re8 13. Qf2 Qd7 14. h3 Bh5 15. Nd4 Bg6 16. Rae1 Qd8 17. Bc1 c6 18. Nf5 Nd7 19. Qf4 Nc5 20. g4 Ne6 21. Nxe7+ Qxe7 22. Qg3 f6 23. Re2 1/2-1/2

[Event "Dieren op"]
[Site "Dieren"]
[Date "2003.07.30"]
[Round "8"]
[White "Schmitz, Manuela"]
[Black "Van Run, Rieke"]
[Result "1/2-1/2"]
[WhiteElo "2094"]
[BlackElo "2142"]
[PlyCount "74"]
[EventDate "2003.07.22"]
[EventType "swiss"]
[EventRounds "9"]
[EventCountry "NED"]
[SourceTitle "CBM 095 Extra"]
[Source "ChessBase"]
[SourceDate "2003.09.04"]
[SourceVersion "1"]
[SourceVersionDate "2003.09.04"]
[SourceQuality "1"]

1. d4 d5 2. c4 e6 3. Nc3 Nf6 4. Bg5 Be7 5. e3 0-0 6. Nf3 Nbd7 7. Rc1 Re8 8. Bd3 dxc4 9. Bxc4 c5 10. 0-0 a6 11. a4 b6 12. Qe2 Bb7 13. Rfd1 Qb8 14. Bf4 Bd6 15. Bxd6 Qxd6 16. Bd3 Qe7 17. e4 cxd4 18. Nxd4 Nc5 19. Bb1 Red8 20. b4 Rxd4 21. Rxd4 Nb3 22. Rcd1 Nxd4 23. Rxd4 Rc8 24. Qd2 e5 25. Rd6 Qc7 26. f3 h6 27. Ne2 Kf8 28. Rd3 Ke7 29. Rc3 Qd7 30. Qxd7+ Nxd7 31. Kf2 Nb8 32. Ba2 f6 33. Bd5 Rxc3 34. Nxc3 Bc8 35. Ke3 Kd6 36. Kd3 Bd7 37. Bb7 b5 1/2-1/2

[Event "Dieren op"]
[Site "Dieren"]
[Date "2003.07.22"]
[Round "1"]
[White "Van Run, Rieke"]
[Black "Hartoch, Robert G"]
[Result "0-1"]
[WhiteElo "2142"]
[BlackElo "2318"]
[PlyCount "102"]
[EventDate "2003.07.22"]
[EventType "swiss"]
[EventRounds "9"]
[EventCountry "NED"]
[SourceTitle "CBM 095 Extra"]
[Source "ChessBase"]
[SourceDate "2003.09.04"]
[SourceVersion "1"]
[SourceVersionDate "2003.09.04"]
[SourceQuality "1"]

1. e4 g6 2. d4 Bg7 3. Nc3 c6 4. f4 d5 5. e5 Nh6 6. Be3 f6 7. Be2 0-0 8. Nf3 Bg4 9. 0-0 Nf5 10. Bf2 Bh6 11. Nh4 Bxe2 12. Nxe2 Qd7 13. Qd3 fxe5 14. fxe5 Nxh4 15. Bxh4 Na6 16. c3 Nc7 17. Qg3 Rxf1+ 18. Rxf1 Rf8 19. Rxf8+ Bxf8 20. Qf3 Qf5 21. Qxf5 gxf5 22. Ng3 e6 23. Bg5 c5 24. Bd8 Na6 25. Ne2 cxd4 26. cxd4 Nb4 27. a3 Nd3 28. b4 Kf7 29. Bg5 a5 30. bxa5 Bxa3 31. Bd2 Ke7 32. Kf1 Bb2 33. Nc3 Bxc3 34. Bxc3 Nf4 35. g3 Ng6 36. Ke2 Kd7 37. Kd3 Kc6 38. Kc2 Kb5 39. Kb3 Ne7 40. Bd2 Nc6 41. Kc3 Nxa5 42. Bc1 Nc6 43. h3 Ka4 44. g4 fxg4 45. hxg4 b5 46. Bb2 Na5 47. Bc1 Nc4 48. g5 b4+ 49. Kc2 b3+ 50. Kc3 b2 51. Bxb2 Nxb2 0-1

[Event "Faber Cup"]
[Site "Rosice u Brna"]
[Date "2003.07.15"]
[Round "2"]
[White "Van Run, Rieke"]
[Black "Smith, Olivia"]
[Result "1-0"]
[WhiteElo "2142"]
[BlackElo "1841"]
[PlyCount "53"]
[EventDate "2003.07.14"]
[EventType "team"]
[EventRounds "5"]
[EventCountry "CZE"]
[SourceTitle "EXT 2006"]
[Source "ChessBase"]
[SourceDate "2005.11.24"]
[SourceVersion "1"]
[SourceVersionDate "2005.11.24"]
[SourceQuality "1"]
[WhiteTeam "Netherlands"]
[BlackTeam "Wales"]
[WhiteTeamCountry "NED"]
[BlackTeamCountry "WLS"]

1. e4 e5 2. Nf3 Nc6 3. d4 exd4 4. Nxd4 Nxd4 5. Qxd4 Ne7 6. Bc4 Nc6 7. Qd5 Qe7 8. 0-0 d6 9. Bb5 Bd7 10. Nc3 a6 11. Ba4 g6 12. Qb3 0-0-0 13. Nd5 Qxe4 14. Bg5 Re8 15. Nf6 Qf5 16. Nxe8 Qxg5 17. Qc3 Rg8 18. Nf6 Bg7 19. Bxc6 Bxc6 20. Ne4 Qd5 21. Qd3 Qxd3 22. cxd3 Bxb2 23. Rab1 Bd4 24. Rb3 Bb5 25. a4 d5 26. axb5 dxe4 27. bxa6 1-0